[Event "HCL-A2645"]
[Site "www.playchess.de"]
[Date "2006.03.25"]
[Round "6"]
[White "BR_Hort"]
[Black "GMO"]
[WhiteElo "2202"]
[BlackElo "1268"]
[PlyCount "53"]
[Result "1-0"]

1.d4 d5 {E aí garoto?}  2.c4 {opa! Beleza? De 
onde?}  dxc4 {Juiz 
de Fora-MG. Joga ha quanto tempo?}  3.Nf3 {Jogo há 
muito tempo. Desde menino. Mas nunca fui grande 
coisa...}  e6 {Xiiiiiii, já vi que vou ter 
dificuldades...}  4.e3 {Que nada. Sou só mais um 
capivara.}  Be7 {Eu sou do tipo que entrega peças 
valiosas de lambuja, de presente...}  5.Bxc4 {Tô 
esperando a minha então...}  Nf6 {Espere 
sentado...}  6.Nc3 a6 7.a4 O-O 8.Qc2 Nc6 {Você 
está violento heim? Já ganhou uma...}  9.O-O {Rumo 
ao Hexa...}  Na5 {É isso aí garoto!}  10.Bd3 h6 
11.Bd2 Bb4 12.Rac1 Bxc3 13.Bxc3 Nc6 14.Rfd1 Re8 
15.e4 Na7 16.b4 c6 17.Qe2 b5 18.a5 Bb7 19.e5 Nd5 
20.Qe4 g6 21.Bd2 h5 22.Nh4 Ne7 23.Bg5 Rf8 24.Bf6 
Re8 25.Qf4 Kh7 26.Qg5 Rg8 27.Qxh5+ 1-0

[Event "HCL-B3929"]
[Site "www.playchess.de"]
[Date "2006.03.25"]
[Round "6"]
[White "rookmaster"]
[Black "miehierjoshi"]
[WhiteElo "1105"]
[BlackElo "1200"]
[PlyCount "56"]
[Result "0-1"]

1.e4 {hello and good luck}  e5 2.Nf3 Nc6 3.Bb5 Nd4 
4.Bc4 h6 5.d3 Bc5 6.Nxd4 exd4 7.O-O Nf6 8.Bf4 O-O 
9.a3 c6 10.h3 d5 11.exd5 cxd5 12.Bb5 a6 13.Ba4 b5 
14.Bb3 Be6 15.Nd2 Qd7 16.Be5 Nh7 17.Nf3 Bxh3 
18.gxh3 Qxh3 19.Bxd5 Rad8 20.Be4 f6 21.Bg3 f5 
22.Bb7 Rd6 23.Bxd6 Bxd6 24.Re1 Ng5 25.Nxg5 hxg5 
26.Re6 Bh2+ 27.Kh1 Bg3+ 28.Kg1 
Qh2+ 0-1

[Event "HCL-A2601"]
[Site "www.playchess.de"]
[Date "2006.03.25"]
[Round "6"]
[White "Djusta"]
[Black "Torenvalk"]
[WhiteElo "1268"]
[BlackElo "1555"]
[PlyCount "43"]
[Result "0-1"]

1.e4 d6 {Have a good game.}  2.d4 {Good luck.}  
Nf6 3.Nc3 c6 4.Nf3 Qa5 5.Bd2 e5 6.Bc4 b5 7.Bd3 b4 
8.Ne2 Nbd7 9.O-O Qb6 10.dxe5 dxe5 11.a3 a5 12.axb4 
Bxb4 13.c3 Bd6 14.b3 Nc5 15.b4 Nxd3 16.Be3 Qb5 
17.Ng3 Bg4 18.bxa5 O-O 19.Qa4 Qa6 20.Nd2 Be6 
21.Rfb1 Rfb8 22.Rbc1 0-1

[Event "ACL-A660"]
[Site "www.playchess.de"]
[Date "2006.03.25"]
[Round "19"]
[White "shadow_cup"]
[Black "Absoluter_Beginner"]
[WhiteElo "1500"]
[BlackElo "1500"]
[PlyCount "62"]
[Result "0-1"]

1.e3 {Hello - Have a nice game :)}  d5 {ok, let's 
do it :-)}  2.c4 {Lets!}  c6 3.b4 e5 4.Bb2 Bxb4 
5.Bxe5 Nf6 6.Qb3 Bd6 7.Bxf6 Qxf6 8.d4 dxc4 9.Bxc4 
O-O 10.Ne2 b6 11.Nd2 Bb7 12.f4 c5 13.O-O Qg6 
14.Bd5 Bxd5 15.Qxd5 Na6 16.Qc4 Nb4 17.e4 Qg4 18.e5 
Be7 19.d5 Nxd5 20.Qxd5 Qxe2 21.Rf2 Qe3 22.Nc4 Qc3 
23.Raf1 Rad8 24.Qe4 Rd4 25.Rc2 Qb4 26.Qe2 b5 
27.Ne3 Rxf4 28.Nd5 Rxf1+ 29.Kxf1 Qb1+ 30.Kf2 Bd8 
31.e6 fxe6+ 0-1

[Event "HCL-B3885"]
[Site "www.playchess.de"]
[Date "2006.03.25"]
[Round "5"]
[White "kylejmiles"]
[Black "schachsky"]
[WhiteElo "1426"]
[BlackElo "1193"]
[PlyCount "28"]
[Result "1-0"]

1.e4 e5 {Have a nice game!}  2.Nf3 d6 3.Bc4 Nf6 
4.Nc3 Be7 5.O-O O-O 6.h3 c6 7.d4 b5 8.Bb3 Nbd7 
9.Be3 exd4 10.Nxd4 Bb7 11.Nf5 c5 12.Nxb5 Nb6 
13.Nbxd6 Nxe4 14.Nxb7 Qc8 1-0

[Event "HCL-A2645"]
[Site "www.playchess.de"]
[Date "2006.03.25"]
[Round "35"]
[White "shadow_cup"]
[Black "pirracas"]
[WhiteElo "1452"]
[BlackElo "1471"]
[PlyCount "87"]
[Result "1-0"]

1.e3 {Have a good game}  d5 {hello, you too}  2.c4 
d4 3.g3 d3 4.Bg2 c6 5.b4 g6 6.Bb2 Nf6 7.Nf3 Bg7 
8.O-O Bf5 9.Qb3 Qd7 10.Ne5 Qd8 11.Nc3 Ng4 12.Nxg4 
Bxg4 13.Nd1 Be2 14.Bxg7 Bxf1 15.Bxf1 Rg8 16.Bd4 
Nd7 17.Bxd3 Qc8 18.c5 Nf8 19.Bc4 Ne6 20.Bb2 b5 
21.cxb6 axb6 22.a4 Qd7 23.Bxe6 Qxe6 24.Qxe6 fxe6 
25.a5 Ra6 26.Bd4 b5 27.Nc3 Kd7 28.Ne4 Kc7 29.Nc5 
Raa8 30.Be5+ Kc8 31.Nxe6 h5 32.Rc1 Kb7 33.d4 g5 
34.f4 gxf4 35.exf4 h4 36.Kg2 hxg3 37.hxg3 Rg6 
38.d5 Rag8 39.dxc6+ Kc8 40.Ng5 e6 41.Rc5 Rd8 
42.Rxb5 Rd2+ 43.Kf3 Rd5 44.Rb8+ 1-0

[Event "HCL-M893"]
[Site "www.playchess.de"]
[Date "2006.03.25"]
[Round "9"]
[White "chessnuts"]
[Black "Henk"]
[WhiteElo "1970"]
[BlackElo "1799"]
[PlyCount "77"]
[Result "1/2-1/2"]

1.d4 {Hi...good game}  Nf6 {the same to you}  2.c4 
c5 3.d5 e6 4.Nc3 exd5 5.cxd5 d6 6.e4 g6 7.Bd3 Bg7 
8.h3 O-O 9.Nf3 a6 10.a4 Re8 11.O-O Nbd7 12.Re1 Qc7 
13.Bf4 c4 14.Bc2 Nh5 15.Bh2 Ne5 16.g4 Nxf3+ 
17.Qxf3 Nf6 18.Qg3 Qb6 19.Rab1 Re5 20.Qe3 Qxe3 
21.Rxe3 Ne8 22.Bxe5 Bxe5 23.Ne2 g5 24.b3 cxb3 
25.Rexb3 Nf6 26.Kg2 Nd7 27.Ng3 Nc5 28.R3b6 Kf8 
29.Nf5 Bxf5 30.exf5 h6 31.Kf3 Re8 32.h4 f6 33.hxg5 
hxg5 34.Rh1 Kg7 35.Rh3 Rh8 36.Rxh8 Kxh8 37.Rb1 Kg7 
38.Ke2 Kf7 39.Kd2 {(offering draw)} 
 1/2-1/2

[Event "HCL-A2617"]
[Site "www.playchess.de"]
[Date "2006.03.25"]
[Round "33"]
[White "carbug"]
[Black "Wernswig"]
[WhiteElo "1524"]
[BlackElo "1381"]
[PlyCount "44"]
[Result "0-1"]

1.e4 {Good game to you, Wern}  e5 {same to you 
too}  2.Bc4 Nf6 3.d3 Bc5 4.Nf3 d6 5.c3 Be6 6.Bxe6 
fxe6 7.O-O O-O 8.Bg5 Nbd7 9.b4 Bb6 10.Nbd2 Qe8 
11.Nc4 Qg6 12.Be3 Ng4 13.Bxb6 axb6 14.a3 Ndf6 
15.h3 Nh6 16.Qe2 Nh5 17.Nh4 Qg5 18.Nf3 Qg6 19.Qe3 
Nf4 20.Nh4 Qg5 21.g3 Nxh3+ 22.Kh2 
Ng4+ 0-1

[Event "HCL-A2656"]
[Site "www.playchess.de"]
[Date "2006.03.25"]
[Round "16"]
[White "BR_Hort"]
[Black "pirracas"]
[WhiteElo "2069"]
[BlackElo "1471"]
[PlyCount "47"]
[Result "1-0"]

1.d4 d5 2.c4 c6 3.Nf3 Bf5 4.cxd5 cxd5 5.Qb3 Qc7 
6.Nc3 Nf6 7.Nxd5 Qd7 8.Nxf6+ exf6 9.e3 Be4 10.Be2 
Bd6 11.O-O O-O 12.Bd2 Nc6 13.Ne1 Rac8 14.Bd3 f5 
15.f3 Bxd3 16.Nxd3 Qe7 17.f4 Rfe8 18.Ne5 Nxe5 
19.fxe5 Bb8 20.Rxf5 g6 21.Rf3 Kg7 22.Raf1 Ref8 
23.Bc3 h5 24.Bb4 1-0

[Event "HCL-A2619"]
[Site "www.playchess.de"]
[Date "2006.03.25"]
[Round "6"]
[White "peondedama"]
[Black "Supervolki"]
[WhiteElo "1333"]
[BlackElo "1800"]
[PlyCount "64"]
[Result "0-1"]

1.d4 {hola hi  saludos}  Nf6 2.c4 c5 3.d5 b5 
4.cxb5 a6 5.Nc3 g6 6.e4 d6 7.h3 Bg7 8.Nf3 O-O 9.g4 
Nbd7 10.g5 Nh5 11.Be2 Bh8 12.Nh2 Bxc3+ 13.bxc3 Ng7 
14.h4 Qa5 15.Bd2 axb5 16.Rb1 Ba6 17.Ng4 Rfb8 
18.Nh6+ Kf8 19.Bg4 Ne5 20.Be2 Bc8 21.h5 Qxa2 
22.Bf4 Nc4 23.Bxc4 bxc4 24.Rc1 Rb2 25.Qf3 Nxh5 
26.Bxd6 f6 27.Bxe7+ Kxe7 28.gxf6+ Kf8 29.Rxh5 Rb1 
30.Rxb1 Qxb1+ 31.Kd2 Ra2+ 32.Ke3 
Qc1+ 0-1

[Event "ACL-A639"]
[Site "www.playchess.de"]
[Date "2006.03.25"]
[Round "8"]
[White "Eishockeytorwart"]
[Black "BDG_Girl"]
[WhiteElo "1500"]
[BlackElo "1806"]
[PlyCount "90"]
[Result "0-1"]

1.e4 {welcome from germany}  e6 {Hello and good 
luck!}  2.d4 d5 3.e5 c5 4.Nf3 Nc6 5.c3 Qb6 6.Bd3 
cxd4 7.cxd4 Bd7 8.Bc2 Nb4 9.O-O Nxc2 10.Qxc2 Rc8 
11.Nc3 Ne7 12.Rd1 Nf5 13.Bg5 h6 14.Bf4 Be7 15.Rac1 
O-O 16.Qd2 Qb4 17.Rc2 Rc4 18.b3 Rc6 19.Qd3 Rfc8 
20.Rdc1 Qa5 21.Bd2 Qd8 22.Ne2 R6xc2 23.Rxc2 Bb5 
24.Rxc8 Bxd3 25.Rxd8+ Bxd8 26.Kf1 h5 27.Bc3 Be7 
28.Ne1 Ba6 29.Nc2 Nh4 30.Ne1 g5 31.f3 f6 32.exf6 
Bxf6 33.Kf2 Nf5 34.g4 hxg4 35.fxg4 Bxe2 36.Kxe2 
Nxd4+ 37.Bxd4 Bxd4 38.Nf3 Bf6 39.b4 e5 40.b5 e4 
41.Nd2 Kf7 42.Nb3 b6 43.Ke3 Ke6 44.h3 Bb2 45.a4 
Ke5 0-1

[Event "ACL-A655"]
[Site "www.playchess.de"]
[Date "2006.03.25"]
[Round "6"]
[White "Kimura"]
[Black "M_L"]
[WhiteElo "1856"]
[BlackElo "1799"]
[PlyCount "56"]
[Result "0-1"]

1.e4 e5 2.Nf3 Nc6 3.d4 exd4 4.Nxd4 Bc5 5.Nxc6 Qf6 
6.Qd2 dxc6 7.Nc3 Be6 8.Bd3 Ne7 9.f4 Qd4 10.f5 Bd7 
11.Qf4 O-O-O 12.Bd2 g6 13.f6 g5 14.Qf1 Ng6 15.Bxg5 
Ba3 16.Bc1 Ne5 17.Qf2 Qxf2+ 18.Kxf2 Bc5+ 19.Ke1 
Rhg8 20.Bf1 Ng4 21.Be2 Bd4 22.h3 Nxf6 23.Bf3 Bxc3+ 
24.bxc3 Rde8 25.Kf2 Nxe4+ 26.Bxe4 Rxe4 27.Bd2 Re5 
28.Rhe1 Rf5+ 0-1

[Event "HCL-T273"]
[Site "www.playchess.de"]
[Date "2006.03.25"]
[Round "3"]
[White "shadow_cup"]
[Black "hal1958"]
[WhiteElo "1527"]
[BlackElo "1416"]
[PlyCount "46"]
[Result "0-1"]

1.d4 Nf6 2.c4 c5 3.d5 e6 4.Bg5 exd5 5.cxd5 d6 
6.Bxf6 Qxf6 7.Nc3 a6 8.a4 g6 9.e4 Bg7 10.Bd3 O-O 
11.Nge2 Nd7 12.O-O Ne5 13.f4 Nxd3 14.Qxd3 Bd7 
15.Ng3 Qd4+ 16.Qxd4 Bxd4+ 17.Kh1 b5 18.axb5 axb5 
19.f5 b4 20.Rxa8 Rxa8 21.Nd1 Ra2 22.fxg6 hxg6 
23.h3 Bb5 0-1

[Event "HCL-B3862"]
[Site "www.playchess.de"]
[Date "2006.03.25"]
[Round "13"]
[White "matthew"]
[Black "knoppe"]
[WhiteElo "1314"]
[BlackElo "1251"]
[PlyCount "90"]
[Result "1/2-1/2"]

1.e4 {hi}  e5 {Hello, from Aarhus, DK :-)}  2.Nf3 
{im from leicestershire, england}  f5 3.exf5 Nf6 
4.Nc3 d5 5.d3 Bb4 6.Bd2 O-O 7.Qe2 Bxf5 8.O-O-O Nc6 
9.h3 Re8 10.g4 Be6 11.Nxe5 Qd6 12.f4 Nd7 13.Nxc6 
Qxc6 14.Re1 Re7 15.Bg2 Rae8 16.Qf2 Bc5 17.d4 Bd6 
18.f5 Bf7 19.h4 Bb4 20.g5 R7xe1+ 21.Rxe1 Nb6 
22.Rxe8+ Bxe8 23.f6 Qd7 24.fxg7 Qxg7 25.Nxd5 Bxd2+ 
26.Qxd2 Nxd5 27.Bxd5+ Bf7 28.Qg2 c6 29.Bxf7+ Qxf7 
30.b3 Qf4+ 31.Kb1 Qxd4 32.h5 Qd1+ 33.Kb2 Qxh5 
34.Qd2 Qe8 35.Qd4 Qf8 36.Qc4+ Qf7 37.Qc5 Qg7+ 
38.c3 b6 39.Qxc6 Qxg5 40.Qc8+ Kf7 41.Qc7+ Qe7 
42.Qf4+ Qf6 43.Qc7+ Qe7 44.Qf4+ Qf6 45.Qc7+ Qe7 
{(offering draw)}  1/2-1/2

[Event "HCL-A2640"]
[Site "www.playchess.de"]
[Date "2006.03.25"]
[Round "9"]
[White "steady_eddie"]
[Black "MimiSiku"]
[WhiteElo "1655"]
[BlackElo "1462"]
[PlyCount "70"]
[Result "1/2-1/2"]

1.d4 {hi}  e6 {Hello!}  2.e4 d5 3.Nc3 Nf6 4.Bg5 
Be7 5.e5 Nfd7 6.h4 h6 7.Be3 c5 8.Qg4 g6 9.Nf3 Nc6 
10.Ne2 cxd4 11.Bxd4 Nxd4 12.Nexd4 Qa5+ 13.c3 Nb6 
14.Bd3 h5 15.Qg3 Rg8 16.Ng5 Nd7 17.f4 a6 18.Ngxe6 
Nc5 19.Nxc5 Bxc5 20.b4 Bxb4 21.cxb4 Qxb4+ 22.Kf1 
Qxd4 23.Rd1 Qb2 24.Qf2 Qxf2+ 25.Kxf2 b5 26.Rdc1 
Be6 27.a3 Kd7 28.Ke3 Rac8 29.Kd4 Rc6 30.Rxc6 Kxc6 
31.Rc1+ Kb7 32.Rc5 Rc8 33.Rxc8 Kxc8 34.Kc5 Kb7 
35.Bc2 Kc7 {(offering draw)}  1/2-1/2

[Event "HCL-B3860"]
[Site "www.playchess.de"]
[Date "2006.03.25"]
[Round "12"]
[White "Saladin"]
[Black "unclcarle"]
[WhiteElo "1328"]
[BlackElo "1057"]
[PlyCount "69"]
[Result "1-0"]

1.e3 {Good game...}  e5 2.d4 d6 {Same to you.}  
3.dxe5 d5 4.Nc3 Bb4 5.Bb5+ c6 6.Bf1 Nd7 7.Qd4 a5 
8.e6 Bc5 9.Qxg7 fxe6 10.Qxh8 Qg5 11.Qxh7 Ndf6 
12.Qh3 b6 13.Nf3 Qg6 14.Ne5 Qxc2 15.Bd3 Qa4 
16.Nxa4 Bd6 17.Nxb6 Rb8 18.Nxc8 Bxe5 19.Qxe6+ Kd8 
20.Qxe5 Rxc8 21.Bh7 Nxh7 22.e4 Ne7 23.Qh8+ Kc7 
24.Bf4+ Kd7 25.Qxh7 Re8 26.exd5 cxd5 27.O-O Kc6 
28.Rac1+ Kb5 29.Qd3+ Kb6 30.Qb3+ Ka6 31.Bc7 Ka7 
32.Bxa5 Rb8 33.Qe3+ Ka6 34.Qxe7 Kxa5 
35.Rc5+ 1-0

[Event "HCL-M870"]
[Site "www.playchess.de"]
[Date "2006.03.25"]
[Round "6"]
[White "Dailos"]
[Black "papuan"]
[WhiteElo "2127"]
[BlackElo "2323"]
[PlyCount "147"]
[Result "1-0"]

1.e4 c5 2.Nf3 d6 3.d4 cxd4 4.Nxd4 Nf6 5.Nc3 a6 
6.Be3 e5 7.Nb3 Be6 8.f3 Be7 9.Qd2 O-O 10.O-O-O 
Nbd7 11.g4 Qc7 12.Kb1 Rfc8 13.Qf2 b5 14.g5 Nh5 
15.h4 b4 16.Nd5 Bxd5 17.Rxd5 Rcb8 18.Na5 Nb6 
19.Rd2 g6 20.Be2 Bf8 21.Rdd1 Nf4 22.Bf1 Bg7 23.h5 
Nxh5 24.Rh2 Nc8 25.Nc4 a5 26.Qd2 Ng3 27.b3 Na7 
28.Qxd6 Qxd6 29.Nxd6 Nxf1 30.Rxf1 Nb5 31.Nxb5 Rxb5 
32.Rfh1 Rc8 33.Rd2 f6 34.gxf6 Bxf6 35.Rd7 Rc3 
36.Bc1 Rxf3 37.Rhxh7 Rc5 38.Rda7 Rf1 39.Rhd7 Rc8 
40.Kb2 Rf2 41.Rd2 Bh4 42.Rxa5 Rf1 43.Rg2 Bf2 44.c4 
bxc3+ 45.Kc2 Bd4 46.Ra6 Kf7 47.Raxg6 Rf2+ 48.Rxf2+ 
Bxf2 49.Rg2 Bc5 50.a4 Bb4 51.Be3 Rh8 52.Kd3 Rc8 
53.Rh2 Ke6 54.Rh6+ Kd7 55.Rb6 Ba3 56.Rb7+ Kd6 
57.Kc2 Rh8 58.b4 Rh2+ 59.Kxc3 Rh3 60.Kd2 Kc6 
61.Rb6+ Kc7 62.Bc5 Bb2 63.a5 Bc3+ 64.Kc2 Bd4 
65.Bxd4 exd4 66.b5 Re3 67.Re6 Rc3+ 68.Kb2 Kd7 
69.Rc6 Re3 70.a6 Rxe4 71.a7 Re8 72.Rc4 Kd6 73.b6 
Kd5 74.Rc1 1-0

[Event "HCL-E1586"]
[Site "www.playchess.de"]
[Date "2006.03.25"]
[Round "9"]
[White "Baldrick"]
[Black "Chas"]
[WhiteElo "1722"]
[BlackElo "1526"]
[PlyCount "48"]
[Result "1/2-1/2"]

1.d4 {Fancy meeting you here!!}  Nf6 {oo you are 
naughty, but I like you}  2.c4 {ooo shut that 
door.....
(Are we having fun yet?)  :-])}  e6 3.Nc3 Bb4 
4.Qc2 d5 5.cxd5 exd5 6.Bg5 h6 7.Bxf6 Qxf6 8.a3 
Bxc3+ 9.Qxc3 {This is my last move for a few days. 
Have a good time! Bill.}  c5 {thanks I will do my 
best. Chas.}  10.Qxc5 {I'd better make a move. You 
should be OK timewise now! Bill.}  Qc6 {What is 
the saying, something about haste and, leisure. 
will talkm wiht you soon. Chas.}  11.Rc1 {It's a 
queer game! See you tomorrow.}  Qxc5 {OK.}  
12.Rxc5 Be6 13.Nf3 Nc6 14.e3 O-O 15.Bb5 Rac8 
16.Bxc6 Rxc6 17.Rxc6 bxc6 18.Kd2 Rb8 19.b4 a5 
20.Kc3 Bf5 21.Ne5 axb4+ 22.axb4 f6 23.Nxc6 Rc8 
24.b5 {Draw offered!!}  Bd7 {(offering draw)} 
 1/2-1/2

[Event "HCL-C4238"]
[Site "www.playchess.de"]
[Date "2006.03.25"]
[Round "7"]
[White "SIBO"]
[Black "nilsi"]
[WhiteElo "1000"]
[BlackElo "800"]
[PlyCount "36"]
[Result "0-1"]

1.d4 d5 2.Nf3 Nc6 3.e3 Bg4 4.c4 dxc4 5.Bxc4 e6 
6.O-O Nf6 7.Nbd2 Bd6 8.Re1 O-O 9.h3 Bxf3 10.Qxf3 
e5 11.d5 Nb4 12.Qd1 e4 13.Qb3 c6 14.dxc6 bxc6 
15.a3 Nd3 16.Bxd3 exd3 17.Qxd3 Bh2+ 18.Kxh2 
Qxd3 0-1

[Event "HCL-C4216"]
[Site "www.playchess.de"]
[Date "2006.03.25"]
[Round "2"]
[White "spartan1"]
[Black "Bense"]
[WhiteElo "996"]
[BlackElo "1118"]
[PlyCount "58"]
[Result "0-1"]

1.Nc3 e5 2.d4 f6 3.a3 d6 4.d5 Nd7 5.e4 c6 6.Bc4 
Nb6 7.b3 Ne7 8.Nf3 Ng6 9.g3 Ne7 10.O-O h5 11.Be3 
Bg4 12.a4 cxd5 13.Bb5+ Kf7 14.a5 Nbc8 15.h3 Bxh3 
16.Re1 Bg4 17.a6 b6 18.exd5 Qc7 19.Ne4 Kg8 20.Be2 
f5 21.Nfg5 Bxe2 22.Qxe2 Nxd5 23.Qc4 Qxc4 24.Nd2 
Qxc2 25.Rac1 Qd3 26.Rc4 Nxe3 27.Rxe3 Qxd2 28.Ne6 
{tHERE IS NOT MUCH HOPE FOR ME, IS THERE.}  h4 
{Its not looking Good!}  29.Kg2 
h3+ 0-1

[Event "HCL-C4199"]
[Site "www.playchess.de"]
[Date "2006.03.25"]
[Round "7"]
[White "Mercator"]
[Black "Bense"]
[WhiteElo "1099"]
[BlackElo "1147"]
[PlyCount "64"]
[Result "0-1"]

1.d4 {Good luck}  f6 {Hi, Good luck to you also.}  
2.c4 d6 3.e4 c6 4.Nc3 e5 5.dxe5 fxe5 6.Nf3 Nd7 
7.Bd3 Ngf6 8.O-O h6 9.Nd2 Nc5 10.Nf3 Bg4 11.h3 Be6 
12.Be3 Qb6 13.Rb1 Qa5 14.b4 Qa3 15.bxc5 Qxc3 
16.Rxb7 dxc5 17.Qb1 Qa5 18.Rb8+ Rxb8 19.Qxb8+ Ke7 
20.Rb1 Qxa2 21.Rb7+ Bd7 22.Nxe5 g5 23.Nxc6+ Kf7 
24.Ne5+ Ke6 25.Nxd7 Qa1+ 26.Kh2 Bd6+ 27.Qxd6+ Kxd6 
28.e5+ Kc6 29.Nxf6 Kxb7 30.Bxc5 Qxe5+ 31.g3 Qxf6 
32.Be4+ Ka6 0-1

[Event "HCL-A2612"]
[Site "www.playchess.de"]
[Date "2006.03.25"]
[Round "9"]
[White "XANDERKIRV"]
[Black "victorabiodun03"]
[WhiteElo "1489"]
[BlackElo "1534"]
[PlyCount "94"]
[Result "1/2-1/2"]

1.e4 e6 2.d4 d5 3.Nd2 Nf6 4.e5 Nfd7 5.Ngf3 c5 6.c3 
Qb6 7.Nb3 Nc6 8.Be2 cxd4 9.cxd4 Be7 10.O-O O-O 
11.Be3 f6 12.exf6 Nxf6 13.h3 Ne4 14.Nfd2 Nxd2 
15.Qxd2 Bd7 16.Rac1 Rac8 17.Nc5 Bxc5 18.dxc5 Qb4 
19.Qxb4 Nxb4 20.a3 Nc6 21.b4 a6 22.Rfd1 h6 23.Rcb1 
Rcd8 24.a4 Bc8 25.b5 axb5 26.axb5 Ne5 27.Bd4 Nc4 
28.c6 bxc6 29.bxc6 Ba6 30.Rba1 Bb5 31.c7 Rdc8 
32.Bxc4 Bxc4 33.Ra7 Bb5 34.Rb7 Bc6 35.Rb6 Bd7 
36.Be5 Kf7 37.Rdb1 g6 38.R6b8 Ke7 39.R1b6 Rfe8 
40.f4 Ba4 41.Rxc8 Rxc8 42.Rb8 Kd7 43.Rxc8 Kxc8 
{(offering draw)}  44.g4 d4 45.Bxd4 Kxc7 
{(offering draw)}  46.h4 h5 47.g5 Bc2 {(offering 
draw)}  1/2-1/2

[Event "HCL-E1585"]
[Site "www.playchess.de"]
[Date "2006.03.25"]
[Round "3"]
[White "chessy371"]
[Black "Bauarbeiter"]
[WhiteElo "2203"]
[BlackElo "1825"]
[PlyCount "31"]
[Result "1-0"]

1.d4 {hi}  d5 {Hi. Nice to meet you. Good luck.}  
2.f4 {have a good game}  Nf6 3.e3 Bg4 4.Nf3 e6 
5.Nbd2 c5 6.c3 c4 7.Be2 Nc6 8.Ne5 Bxe2 9.Qxe2 Be7 
10.O-O O-O 11.g4 h6 12.h4 b5 13.Nxc6 Qc7 14.Nxe7+ 
Qxe7 15.g5 hxg5 16.hxg5 1-0

[Event "HCL-A2629"]
[Site "www.playchess.de"]
[Date "2006.03.25"]
[Round "4"]
[White "victorabiodun03"]
[Black "Matu"]
[WhiteElo "1596"]
[BlackElo "1535"]
[PlyCount "99"]
[Result "1/2-1/2"]

1.e4 c6 2.Nf3 d5 3.exd5 cxd5 4.d4 Nf6 5.Bd3 e6 
6.Nbd2 Nc6 7.c3 Bd6 8.O-O O-O 9.Re1 Bd7 10.Ne5 Rc8 
11.f4 a6 12.Qf3 g6 13.g4 Ne7 14.Nf1 Ne8 15.Ng3 Ng7 
16.g5 Bxe5 17.fxe5 b5 18.Nh1 Nc6 19.Nf2 b4 20.Ng4 
bxc3 21.bxc3 Ne7 22.Nf6+ Kh8 23.Qh3 Nh5 24.Nxh5 
gxh5 25.Qxh5 Ng6 26.Re3 Rg8 27.Rh3 Rg7 28.Bd2 Qb6 
29.Rb1 Qa7 30.Kh1 Rb8 31.Qd1 a5 32.Rxb8+ Qxb8 
33.Qb3 Qxb3 34.axb3 Rg8 35.Rh6 Kg7 36.h4 Rb8 37.h5 
Nf8 38.g6 fxg6 39.hxg6 hxg6 40.Bc2 Be8 41.Rh2 Nd7 
42.c4 dxc4 43.bxc4 Nb6 44.Bxa5 Nxc4 45.Bc3 Ne3 
46.Be4 Rc8 47.Bd2 Nf1 48.Bh6+ Kh7 49.Rh3 Ng3+ 
50.Rxg3 {(offering draw) This has been a good 
game}  1/2-1/2

[Event "HCL-E1592"]
[Site "www.playchess.de"]
[Date "2006.03.25"]
[Round "28"]
[White "froilo"]
[Black "golddim"]
[WhiteElo "1526"]
[BlackElo "1490"]
[PlyCount "50"]
[Result "0-1"]

1.Nf3 d5 2.b3 Nf6 3.Bb2 e6 4.e3 c5 5.Bb5+ Nc6 
6.O-O a6 7.Bxc6+ bxc6 8.d3 Be7 9.Nbd2 O-O 10.a3 a5 
11.a4 Ba6 12.Ne5 Qc7 13.f4 Bd6 14.Rf3 Nd7 15.Ng4 
e5 16.Rg3 d4 17.Ne4 exf4 18.exf4 Bxf4 19.Ngf6+ 
Nxf6 20.Nxf6+ Kh8 21.Rh3 gxf6 22.Qh5 h6 23.Rf1 Qe5 
24.Qh4 Bg5 25.Qf2 {:-(}  Be3 0-1

[Event "HCL-C4098"]
[Site "www.playchess.de"]
[Date "2006.03.25"]
[Round "11"]
[White "valpa"]
[Black "JMD"]
[WhiteElo "1085"]
[BlackElo "1293"]
[PlyCount "58"]
[Result "0-1"]

1.b4 {Welcome to the new game}  a5 2.b5 c6 3.c4 
cxb5 4.cxb5 d5 5.e3 e5 6.a4 Bb4 7.Nf3 Bg4 8.Be2 f6 
9.Na3 Ne7 10.O-O Nd7 11.d4 e4 12.Nd2 Bxe2 13.Qxe2 
Rc8 14.Bb2 Nb6 15.Qd1 O-O 16.f3 f5 17.Nc2 Bxd2 
18.Qxd2 Nc4 19.Qc1 Nxe3 20.Qxe3 Rxc2 21.Rab1 f4 
22.Qe1 e3 23.Ba3 e2 24.Rf2 Ra2 25.Bxe7 Qxe7 26.Rc1 
Re8 27.Rb1 Qa3 28.Qxa5 Ra1 29.Qe1 
Rxb1 0-1

[Event "HCL-T273"]
[Site "www.playchess.de"]
[Date "2006.03.25"]
[Round "8"]
[White "shadow_cup"]
[Black "luciano59"]
[WhiteElo "1527"]
[BlackElo "2263"]
[PlyCount "48"]
[Result "0-1"]

1.d4 Nf6 2.c4 c5 3.d5 e6 4.Bg5 exd5 5.cxd5 h6 
6.Bxf6 Qxf6 7.Nc3 Be7 8.e4 d6 9.Bb5+ Nd7 10.Nge2 
a6 11.Bxd7+ Bxd7 12.O-O O-O 13.Ng3 Rae8 14.f4 Qd4+ 
15.Qxd4 cxd4 16.Nce2 d3 17.Nc3 Bf6 18.a4 Bd4+ 
19.Kh1 Bxc3 20.bxc3 f5 21.Rfe1 fxe4 22.Nxe4 Rxf4 
23.Nxd6 Rxe1+ 24.Rxe1 d2 0-1

[Event "HCL-T273"]
[Site "www.playchess.de"]
[Date "2006.03.25"]
[Round "9"]
[White "luciano59"]
[Black "hal1958"]
[WhiteElo "2263"]
[BlackElo "1416"]
[PlyCount "39"]
[Result "1-0"]

1.d4 Nf6 2.c4 c5 3.d5 e6 4.Nc3 {hi and good game 
friend}  exd5 5.cxd5 d6 6.Nf3 g6 7.Nd2 a6 8.a4 Bg7 
9.Nc4 O-O 10.Bf4 Ne8 11.Qd2 Bf5 12.e4 Bxc3 13.Qxc3 
Bxe4 14.Bh6 Nf6 15.Bxf8 Kxf8 16.O-O-O Bxd5 17.Nb6 
Qxb6 18.Qxf6 Qb3 19.Qxd6+ Kg7 20.Qxd5 1-0

[Event "HCL-B3933"]
[Site "www.playchess.de"]
[Date "2006.03.25"]
[Round "10"]
[White "Viking"]
[Black "RUDI"]
[WhiteElo "1081"]
[BlackElo "1310"]
[PlyCount "65"]
[Result "1-0"]

1.d4 d5 2.c4 Nf6 3.Nc3 e6 4.Nf3 Nc6 5.cxd5 exd5 
6.a3 Bd6 7.e3 O-O 8.Bd3 a6 9.O-O b5 10.e4 dxe4 
11.Nxe4 Bb7 12.Re1 Rb8 13.h3 Nxe4 14.Bxe4 f5 
15.Qb3+ Kh8 16.Bd3 Qf6 17.Qc3 Rfe8 18.Bg5 Qf7 
19.b4 Rxe1+ 20.Qxe1 Re8 21.Qd2 Bc8 22.Rc1 Ne7 
23.Bf4 Bxf4 24.Qxf4 c6 25.Rc5 Nd5 26.Qh4 Ne7 
27.Ng5 Qg6 28.g4 Nd5 29.Rxc6 Be6 30.Bxf5 Qxf5 
31.gxf5 Bxf5 32.Kh2 g6 33.Qxh7+ 1-0

[Event "HCL-C4216"]
[Site "www.playchess.de"]
[Date "2006.03.25"]
[Round "9"]
[White "Iron_Flower"]
[Black "spartan1"]
[WhiteElo "1202"]
[BlackElo "996"]
[PlyCount "46"]
[Result "0-1"]

1.d4 {Hi, from Leeuwarden, the Netherlands}  d5 {A 
big hello to you from Michigan, USA}  2.c4 h6 
3.Nc3 e6 4.Nf3 Bb4 5.Bd2 Bd7 6.e3 Nf6 7.a3 Bxc3 
8.Bxc3 O-O 9.Bd3 Ne4 10.Bb4 Re8 11.Nd2 b6 12.Nxe4 
dxe4 13.Bxe4 Bc6 14.d5 exd5 15.cxd5 Rxe4 16.dxc6 
Nxc6 17.Bd2 Re6 18.Qc2 Ne5 19.O-O-O c5 20.e4 Ng4 
21.Bxh6 Qh4 22.Bd2 Nxf2 23.Bg5 
Qxg5+ 0-1

[Event "HCL-C4227"]
[Site "www.playchess.de"]
[Date "2006.03.25"]
[Round "19"]
[White "Lupes"]
[Black "sonnenschein"]
[WhiteElo "800"]
[BlackElo "853"]
[PlyCount "31"]
[Result "1-0"]

1.Nf3 {Gruß!Auf ein interessantes Match.}  d5 
{Gruß zurück}  2.b3 Nf6 3.Bb2 Nc6 4.e3 Bg4 5.Be2 
e5 6.Nxe5 Nxe5 7.Bxe5 Ne4 8.Bxg4 Qg5 9.Bf4 Qf6 
10.c3 Bd6 11.O-O Bxf4 12.exf4 Qxf4 13.d3 Nc5 
14.Qe2+ Kf8 15.Re1 Re8 16.Qxe8+ 1-0

[Event "HCL-A2643"]
[Site "www.playchess.de"]
[Date "2006.03.25"]
[Round "1"]
[White "Matu"]
[Black "superyetkin"]
[WhiteElo "1565"]
[BlackElo "1266"]
[PlyCount "67"]
[Result "1-0"]

1.e4 b6 2.Nc3 Bb7 3.f4 e6 4.Nf3 Bb4 5.d3 Bxc3+ 
6.bxc3 Nf6 7.h3 Nh5 8.Kf2 O-O 9.g4 Nf6 10.Bg2 d5 
11.e5 Nfd7 12.d4 c5 13.Ba3 Re8 14.f5 c4 15.h4 a5 
16.Qd2 b5 17.Qg5 Qxg5 18.hxg5 exf5 19.gxf5 Na6 
20.Rab1 Bc6 21.f6 Rab8 22.Bd6 Rb7 23.Rh2 Nf8 
24.Bxf8 g6 25.Bg7 h5 26.gxh6 Kh7 27.Re1 Rh8 28.e6 
Be8 29.exf7 Bxf7 30.Bxh8 Kxh8 31.Ne5 b4 32.h7 bxc3 
33.Nxf7+ Rxf7 34.Re8+ 1-0

[Event "HCL-B3944"]
[Site "www.playchess.de"]
[Date "2006.03.25"]
[Round "15"]
[White "aussie"]
[Black "mane_twice"]
[WhiteElo "1150"]
[BlackElo "1384"]
[PlyCount "60"]
[Result "0-1"]

1.e4 e5 2.Bc4 Nf6 3.d3 c6 4.a3 d5 5.Ba2 dxe4 6.f3 
exf3 7.Nxf3 Bg4 8.O-O Bc5+ 9.Kh1 O-O 10.Nbd2 Nbd7 
11.c3 Nb6 12.b4 Bd6 13.Qb3 Nbd5 14.Bb1 Be6 15.Nc4 
Nf4 16.Bxf4 exf4 17.Ng5 Bd5 18.Ne4 Nxe4 19.dxe4 
Be6 20.e5 Bc7 21.Rd1 Qg5 22.Ba2 b5 23.Qc2 bxc4 
24.Rd4 Bxe5 25.Rxc4 Bxc4 26.Bxc4 Rad8 27.Re1 f3 
28.gxf3 Qf4 29.Qg2 Bxc3 30.Bxf7+ 
Rxf7 0-1